| 000 -LEADER |
| fixed length control field |
00533cam a2200169 a 4500 |
| 020 ## - INTERNATIONAL STANDARD BOOK NUMBER |
| ISBN |
0813335116 (alk. paper) |
| 040 ## - CATALOGING SOURCE |
| Transcribing agency |
DLC |
| 082 00 - DEWEY DECIMAL CLASSIFICATION NUMBER |
| Classification number |
959 WES 2000 A114 Co. |
| 100 1# - MAIN ENTRY--AUTHOR NAME |
| Personal name |
Chandler, David P. |
| 245 12 - TITLE STATEMENT |
| Title |
A history of Cambodia / |
| 250 ## - EDITION STATEMENT |
| Edition statement |
3rd ed. |
| 260 ## - PUBLICATION, DISTRIBUTION, ETC. (IMPRINT) |
| Place of publication |
Boulder, CO : |
| Name of publisher |
Westview Press, |
| Year of publication |
2000. |
| 300 ## - PHYSICAL DESCRIPTION |
| Number of Pages |
xiv, 296 p. : |
| Other physical details |
ill., maps ; |
| Dimensions |
23 cm. |
| 856 42 - ELECTRONIC LOCATION AND ACCESS |
| Uniform Resource Identifier |
http://www.loc.gov/catdir/enhancements/fy0833/99058181-b.html |
| 856 42 - ELECTRONIC LOCATION AND ACCESS |
| Uniform Resource Identifier |
http://www.loc.gov/catdir/enhancements/fy0833/99058181-d.html |
| 942 ## - ADDED ENTRY ELEMENTS (KOHA) |
| Koha item type |
សៀវភៅភាសាអង់គ្លេស |
| 952 ## - LOCATION AND ITEM INFORMATION (KOHA) |
| Withdrawn status [LOCAL, KOHA] |
0 |